Špecifiká a aktuálne trendy v marketingovej komunikácii sektora "MICE & Sport & Fit traveler" diplomová práca

Gespeichert in:
Bibliographische Detailangaben
1. Verfasser: Horinková, Sabina
Körperschaft: Obchodná fakulta EU. Katedra marketingu
Weitere Verfasser: Kopaničová, Janka, 1979-
Format: Buch
Sprache:Slowakisch
Veröffentlicht: Bratislava 2025
Tags: Tag hinzufügen
Keine Tags, Fügen Sie das erste Tag hinzu!

MARC

LEADER 00000nbm a2200000 4500
001 0310190
005 20251104083115.8
041 0 |a slo 
044 |a SK 
245 1 0 |a Špecifiká a aktuálne trendy v marketingovej komunikácii sektora "MICE & Sport & Fit traveler"  |b diplomová práca  |c Sabina Horinková ; školiteľ: Janka Kopaničová 
264 1 |a Bratislava  |c 2025 
300 |a 70 s. 
100 1 |a Horinková, Sabina 
700 1 |a Kopaničová, Janka, 1979- 
710 2 |a Obchodná fakulta EU. Katedra marketingu